Alkohol na pracovisku
Stručne o konzumácii alkoholu. Alkohol a pracovné prostredie.
Enregistré dans:
| Auteur principal: | |
|---|---|
| Format: | Chapitre de livre |
| Langue: | slovaque |
| Sujets: | |
| Tags: |
Pas de tags, Soyez le premier à ajouter un tag!
|
MARC
| LEADER | 00000naa a2200000 4500 | ||
|---|---|---|---|
| 001 | 0222982 | ||
| 005 | 20231120131146.2 | ||
| 041 | 0 | |a slo | |
| 044 | |a SK | ||
| 245 | 1 | 0 | |a Alkohol na pracovisku |c Jana Žuľová |
| 520 | |a Stručne o konzumácii alkoholu. Alkohol a pracovné prostredie. | ||
| 610 | 2 | 0 | |a alkoholizmus |
| 610 | 2 | 0 | |a pracovisko |
| 610 | 2 | 0 | |a prostredie pracovné |
| 610 | 2 | 0 | |a predpisy pracovnoprávne |
| 100 | 1 | |a Žuľová, Jana | |